00645nam a2200157 4500008004100000082001600041245011400057260005200171300003000223650003900253650004900292700002800341942000700369952009600376999001500472240503b |||||||| |||| 00| 0 eng d a305.26bPAR aParticipatory rural appraisal of older people:bunderstanding the situation of older people in the Lao P.D.R. a[Chiang Mai]:b[HelpAge International],c[n.d.] a36 p.bReference included aOLDER PEOPLE-Social conditions-Lao aAging-Social problems-Vientiane province-Lao aGraham, Jenniferecomp. cRP 00102ddc4070aMAINbMAINd2024-05-03l0o305.26 PARpRAF5249r2024-05-03w2024-05-03yRP c4890d4890